The Supreme Court in United States history / (Record no. 176888)

000 -LEADER
fixed length control field 01188 a2200181 4500
003 - CONTROL NUMBER IDENTIFIER
control field Nust
005 - DATE AND TIME OF LATEST TRANSACTION
control field 20221205093340.0
020 ## - INTERNATIONAL STANDARD BOOK NUMBER
International Standard Book Number 813070613x
040 ## - CATALOGING SOURCE
Transcribing agency Nust
082 ## - DEWEY DECIMAL CLASSIFICATION NUMBER
Classification number 150.72,STA
100 ## - MAIN ENTRY--PERSONAL NAME
Personal name Warren, Charles,
9 (RLIN) 38246
245 ## - TITLE STATEMENT
Title The Supreme Court in United States history /
Statement of responsibility, etc. Charles Warren
260 ## - PUBLICATION, DISTRIBUTION, ETC.
Place of publication, distribution, etc. New Delhi
Name of publisher, distributor, etc. Cosmo Publication
Date of publication, distribution, etc. 2007
300 ## - PHYSICAL DESCRIPTION
Extent 812 p;
505 ## - FORMATTED CONTENTS NOTE
Formatted contents note Chief Justice Taney and Whig Pessimism (Page-1), Corporation and Slavery (Page-39), Federal Powers Tyler and the Girand Will Case (Page-83), State Powers Commerce and Boundaries (Page-134), Slavery and State Defiance (Page-279), The Booth Case and Congressional at Tacks (Page-320), Civil War and Chief Justice Chase (Page-358), The Milligan Case (Page-418), Reconstruction (Page-455), The Legeal Tender Case (Page-498 ), The Slaughterhouse Cases and the Death of Chase (Page-533), Chief Justice Waite and the Fourteenth Amendment (Page-562), The Civil Rights Acts (Page-600), Increase of Nationalism (Page-622), Expansion of Judicial Powers (Page-663), Chief Justice Fuller and White (Page-690), Commerce and the Police Powers (Page-729).
650 ## - SUBJECT ADDED ENTRY--TOPICAL TERM
Topical term or geographic name entry element History
942 ## - ADDED ENTRY ELEMENTS (KOHA)
Source of classification or shelving scheme
Koha item type Book
Call number prefix 150.72,STA
Holdings
Withdrawn status Lost status Source of classification or shelving scheme Damaged status Not for loan Permanent Location Current Location Shelving location Date acquired Full call number Barcode Date last seen Price effective from Koha item type Public note
          Military College of Signals (MCS) Military College of Signals (MCS) General Stacks 12/12/2016 150.72,STA MCS33655 12/08/2016 12/12/2016 Book Almirah No.46, Shelf No.3
© 2023 Central Library, National University of Sciences and Technology. All Rights Reserved.